| 000 | 00582nam a22002057a 4500 | ||
|---|---|---|---|
| 003 | BD-DhJNU | ||
| 005 | 20250625062434.0 | ||
| 008 | 250625b |||||||| |||| 00| 0 eng d | ||
| 020 | _a9780195979084 | ||
| 020 | _a0195979087 | ||
| 040 |
_aBD-DhJNU _bENG _cBD-DhJNU _dBD-DhJNU |
||
| 082 |
_223 _a320.954 |
||
| 100 | _aUmar, Badruddin | ||
| 245 |
_aThe emergence of Bangladesh / _cBadruddin Umar |
||
| 260 |
_aPakistan : _bOxford University Press, _c2006. |
||
| 300 |
_axii, 371 p. : _c22 cm. |
||
| 504 | _aincludes index | ||
| 650 | _aPolitics and government | ||
| 942 |
_2ddc _cBK _n0 |
||
| 999 |
_c1829 _d1829 |
||